| 000 | 01419nam0a2200337 i 4500 | ||
|---|---|---|---|
| 001 | RU\NLR\BIBL_A\010416242 | ||
| 005 | 20260405153959.0 | ||
| 010 |
_a9785918820254 _91000 |
||
| 021 |
_aRU _b2014-36730 _92241 |
||
| 035 | _a(NILC)RuMoRGB-007490140 | ||
| 035 | _a(NLR Aleph) 010416242 | ||
| 090 |
_a9791098 _c9791098 |
||
| 100 | _a20140715d2014 um y0rusy50 ca | ||
| 101 | 0 | _arus | |
| 102 | _aRU | ||
| 105 | _aa|||z|||000yy | ||
| 200 | 1 |
_aКультовые камни и сакральные места _e[Ленинградская область и смежные регионы] _fВячеслав Мизин |
|
| 210 |
_aСанкт-Петербург _cЦентр Сохранения Культурного Наследия _d2014 |
||
| 215 |
_a238, [1] с. _cил. _d21 |
||
| 320 | _aБиблиогр.: с. 230-238 | ||
| 606 | 1 |
_aКультовые камни _yЛенинградская область _92426971 _3RU\NLR\AUTH\661444871 |
|
| 610 | 0 | _aкультовые камни | |
| 610 | 0 | _aсакральные места | |
| 686 | 1 | _aЭ239(2Р-4Ле)-402.7 | |
| 700 | 1 |
_8rus _7ca _aМизин _bВ. Г. _cспециалист в обл. мегалитики _gВячеслав Григорьевич _3RU\NLR\AUTH\7764963 _947892 |
|
| 801 | 0 |
_aRU _bРГБ _c20140515 _gRCR |
|
| 801 | 1 |
_aRU _bРГБ _c20140515 _2rusmarc |
|
| 942 | _cBOOK | ||
| 980 | _aNBR | ||